00365nam a2200145Ia 4500008004100000020001400041041000800055082001500063100002000078245002900098250000600127260003800133300001400171650003400185210716s1987 xx 000 0 und d a880222972 aeng a005.2 WYAA aWyatt, Allen L. aUsing assembly language. a1 aNew DelhibBPB Publicationsc1987 axxxii,746 aProgramming Languages(005.13)